| 000 | 01215nam a22002657a 4500 | ||
|---|---|---|---|
| 005 | 20170124103128.0 | ||
| 010 | _aB-179223 | ||
| 020 |
_c300.00 _a81757005870 |
||
| 035 | _aB-179223 | ||
| 037 | _bCen Lib/Ret | ||
| 040 |
_aDPL _bHN |
||
| 082 |
_a333.7932 _bमहीपा |
||
| 100 |
_aमहीपाल सिंह _983726 |
||
| 245 |
_aअपरम्परागत विद्युत् ऊर्जा प्रौद्योगिकी / _cमहीपाल सिंह |
||
| 246 |
_aAparamparagat vidyut oorja praudyogiki / _bby Mahipal Singh |
||
| 260 |
_bसूर्यप्रभा प्रकाशन _aनई दिल्ली _c2005 |
||
| 270 |
_bनई दिल्ली _e110002 _a2/9, अंसारी रोड, दरियागंज |
||
| 300 |
_a192पृ. _c21सेमी(सजिल्द) |
||
| 500 | _aसंदर्भ शामिल | ||
| 650 |
_aसौर विद्युत् ऊर्जा _944437 |
||
| 650 |
_aजल-पवन विद्युत् ऊर्जा _983727 |
||
| 650 |
_aSolar electric energy _983728 |
||
| 650 |
_aWater-wind power energy _983729 |
||
| 942 |
_2ddc _cHN _h333.7932 _mमहीपा |
||
| 999 |
_c119184 _d119184 |
||